Statistics for All Pokéballs

Click here to take the quiz!

General Stats

  • This quiz has been taken 97 times
  • The average score is 19 of 27

Answer Stats

Answer% Correct
Pokéball
100%
Great Ball
96%
Ultra Ball
96%
Master Ball
94%
Net Ball
83%
Heavy Ball
81%
Quick Ball
81%
Safari Ball
79%
Dusk Ball
73%
Premier Ball
73%
Timer Ball
73%
Dive Ball
71%
Heal Ball
71%
Love Ball
71%
Fast Ball
69%
Beast Ball
67%
Nest Ball
65%
Cherish Ball
63%
Luxury Ball
63%
Moon Ball
63%
Repeat Ball
62%
Friend Ball
60%
Level Ball
56%
Lure Ball
56%
Dream Ball
46%
Park Ball
44%
Sport Ball
42%

Score Distribution

Percentile by Number Answered

Percent of People with Each Score

Your Score History

You have not taken this quiz